Distributing leadership for personalizing learning / (Record no. 985)

000 -LEADER
fixed length control field 01384cam a2200253 a 4500
001 - CONTROL NUMBER
control field 14994965
003 - CONTROL NUMBER IDENTIFIER
control field OSt
005 - DATE AND TIME OF LATEST TRANSACTION
control field 20140116120842.0
008 - FIXED-LENGTH DATA ELEMENTS--GENERAL INFORMATION
fixed length control field 070905s2007 enka b 001 0 eng
020 ## - INTERNATIONAL STANDARD BOOK NUMBER
International Standard Book Number 9781855392342
050 00 - LIBRARY OF CONGRESS CALL NUMBER
Classification number LB1031.R58 2007
100 1# - MAIN ENTRY--PERSONAL NAME
Personal name Ritchie, Ron.
245 10 - TITLE STATEMENT
Title Distributing leadership for personalizing learning /
Statement of responsibility, etc Ron Ritchie and Ruth Deakin Crick.
260 ## - PUBLICATION, DISTRIBUTION, ETC. (IMPRINT)
Place of publication, distribution, etc London ;
-- New York :
Name of publisher, distributor, etc Network Continuum,
Date of publication, distribution, etc 2007.
300 ## - PHYSICAL DESCRIPTION
Extent 136 p. :
Other physical details ill. ;
Dimensions 30 cm.
504 ## - BIBLIOGRAPHY, ETC. NOTE
Bibliography, etc Includes bibliographical references and index.
505 0# - FORMATTED CONTENTS NOTE
Formatted contents note Introduction -- What is personalizing learning? -- The nature and benefits of distributing leadership -- Parallels between personalizing learning and distributing leadership -- 'Letting go' : the role of headteachers -- Releasing leadership potential : the role of middle leaders and subject leaders in personalizing learning -- The role of teachers and pupils as leaders : learning and leading-a participatory pedagogy -- Leadership development for personalized learning.
650 #0 - SUBJECT ADDED ENTRY--TOPICAL TERM
Topical term or geographic name as entry element Individualized instruction.
650 #0 - SUBJECT ADDED ENTRY--TOPICAL TERM
Topical term or geographic name as entry element Learning, Psychology of.
700 1# - ADDED ENTRY--PERSONAL NAME
Personal name Deakin Crick, Ruth.
856 41 - ELECTRONIC LOCATION AND ACCESS
Materials specified Table of contents only
Uniform Resource Identifier <a href="http://www.loc.gov/catdir/toc/ecip0726/2007036528.html">http://www.loc.gov/catdir/toc/ecip0726/2007036528.html</a>
856 42 - ELECTRONIC LOCATION AND ACCESS
Materials specified Contributor biographical information
Uniform Resource Identifier <a href="http://www.loc.gov/catdir/enhancements/fy1116/2007036528-b.html">http://www.loc.gov/catdir/enhancements/fy1116/2007036528-b.html</a>
942 ## - ADDED ENTRY ELEMENTS (KOHA)
Source of classification or shelving scheme
Koha item type Book
Holdings
Withdrawn status Lost status Source of classification or shelving scheme Damaged status Not for loan Home library Current library Date acquired Cost, normal purchase price Total Checkouts Full call number Barcode Date last seen Copy number Price effective from Koha item type
          Riara University Library Riara University Library 21/08/2012 1900.00   LB1031.R58 2007 3488/12 21/08/2012 C.1 21/08/2012 Book

Riara University Library,
P.O. Box 49940-00100,
Nairobi, Kenya.